[Event "1.Bundesliga Frauen 2019/20"]
[Site "Linz, Volkshaus Bindermichl"]
[Date "2019.10.11"]
[Round "1"]
[Board "1"]
[White "Schnegg, Anna-Lena"]
[Black "Exler, Veronika"]
[Result "1-0"]
[WhiteElo "2223"]
[BlackElo "2153"]
[PlyCount "81"]
[EventDate "2019.10.11"]
[EventType "team"]
[EventRounds "9"]
[EventCountry "AUT"]
[WhiteTeam "Mayrhofen/SK Zell/Zillertal"]
[BlackTeam "ASVOE Wulkaprodersdorf"]

1. e4 c6 2. c4 d5 3. exd5 cxd5 4. cxd5 Nf6 5. Nc3 Nxd5 6. Nf3 Nc6 7. Bb5 Nxc3
8. bxc3 Qd5 9. Qe2 Bg4 10. d4 a6 11. Bc4 Qh5 12. Qe4 Qf5 13. Bd3 Qxe4+ 14. Bxe4
Rc8 15. O-O Bd7 16. Bf4 f6 17. h4 Nd8 18. Rfc1 e6 19. c4 Ba3 20. Rcb1 Rxc4 21.
Bxb7 Nxb7 22. Rxb7 Ke7 23. d5 exd5 24. Be3 Rhc8 25. Re1 Re4 26. Nd4 Kd8 27. Rd1
Rc7 28. Rb6 Bc5 29. Rxa6 Ra7 30. Rxa7 Bxa7 31. Nc2 Bxe3 32. Nxe3 Rxh4 33. Nxd5
Ke8 34. Nb6 Bb5 35. Rc1 Rb4 36. Rc8+ Kf7 37. Rc7+ Kg6 38. Nd5 Ra4 39. Nc3 Rb4
40. Rb7 Rc4 41. Nxb5  1-0

[Event "1.Bundesliga Frauen 2019/20"]
[Site "Linz, Volkshaus Bindermichl"]
[Date "2019.10.11"]
[Round "1"]
[Board "2"]
[White "Cvitan, Ena"]
[Black "Fuchs, Judith"]
[Result "0-1"]
[WhiteElo "2276"]
[BlackElo "2216"]
[PlyCount "96"]
[EventDate "2019.10.11"]
[EventType "team"]
[EventRounds "9"]
[EventCountry "AUT"]
[WhiteTeam "ASVOE Wulkaprodersdorf"]
[BlackTeam "Mayrhofen/SK Zell/Zillertal"]

1. d4 Nf6 2. c4 e6 3. Nc3 Bb4 4. e3 O-O 5. Bd3 d5 6. Nge2 dxc4 7. Bxc4 c5 8. a3
Bxc3+ 9. bxc3 Qc7 10. Bd3 Nc6 11. O-O e5 12. Qc2 Be6 13. d5 Bxd5 14. c4 Be6 15.
Bb2 Rad8 16. f4 e4 17. Bxe4 Nxe4 18. Qxe4 Rd2 19. Bc3 Rxe2 20. f5 Bxc4 21. Qxc4
Rxe3 22. Qxc5 Qb6 23. Qxb6 axb6 24. Bb4 Nxb4 25. axb4 Re4 26. Ra7 Rxb4 27. Rxb7
Ra8 28. h3 h5 29. f6 g6 30. h4 b5 31. Rd1 Rxh4 32. Rxb5 Rf4 33. Rb6 Rf5 34. Kh2
g5 35. Rd7 Rf8 36. Kh3 Kh7 37. g4 hxg4+ 38. Kxg4 Kg6 39. Rd4 Rh8 40. Rdd6 Rh4+
41. Kg3 Rhf4 42. Rd8 Rf3+ 43. Kg2 Rxf6 44. Rg8+ Kh5 45. Rb5 Rf2+ 46. Kg1 R6f5
47. Rb4 R5f4 48. Rb5 f6  0-1

[Event "1.Bundesliga Frauen 2019/20"]
[Site "Linz, Volkshaus Bindermichl"]
[Date "2019.10.11"]
[Round "1"]
[Board "3"]
[White "Schloffer, Jasmin-Denise"]
[Black "Vujnovic, Patricija"]
[Result "1/2-1/2"]
[WhiteElo "2105"]
[BlackElo "2103"]
[PlyCount "82"]
[EventDate "2019.10.11"]
[EventType "team"]
[EventRounds "9"]
[EventCountry "AUT"]
[WhiteTeam "Mayrhofen/SK Zell/Zillertal"]
[BlackTeam "ASVOE Wulkaprodersdorf"]

1. d4 d5 2. c4 e6 3. Nc3 c6 4. e3 f5 5. Nf3 Nf6 6. Bd3 Bd6 7. O-O O-O 8. Ne5
Ne4 9. f3 Nxc3 10. bxc3 Nd7 11. f4 Nf6 12. Bd2 Bd7 13. Be1 Ne4 14. Rf3 Be8 15.
Rh3 Rc8 16. c5 Be7 17. Qa4 Ra8 18. Rc1 Qc8 19. c4 b6 20. cxd5 exd5 21. Rf3 b5
22. Qb3 a5 23. h3 Qe6 24. g4 a4 25. Qc2 Bf6 26. Bxe4 dxe4 27. Rg3 Bxe5 28. dxe5
Rd8 29. Qg2 Bg6 30. Bc3 Rd3 31. Bd4 Rf7 32. h4 fxg4 33. Rxg4 Bh5 34. Rg5 Bf3
35. Qg3 Qxa2 36. Ra1 Qc2 37. e6 Rd1+ 38. Rxd1 Qxd1+ 39. Kf2 Qe2+ 40. Kg1 Qd1+
41. Kf2 Qe2+  1/2-1/2

[Event "1.Bundesliga Frauen 2019/20"]
[Site "Linz, Volkshaus Bindermichl"]
[Date "2019.10.11"]
[Round "1"]
[Board "4"]
[White "Tschida, Verena"]
[Black "Mayrhuber, Nikola"]
[Result "0-1"]
[WhiteElo "1631"]
[BlackElo "2024"]
[PlyCount "90"]
[EventDate "2019.10.11"]
[EventType "team"]
[EventRounds "9"]
[EventCountry "AUT"]
[WhiteTeam "ASVOE Wulkaprodersdorf"]
[BlackTeam "Mayrhofen/SK Zell/Zillertal"]

1. d4 d5 2. c4 dxc4 3. e3 e5 4. Bxc4 exd4 5. Qxd4 Qxd4 6. exd4 Nc6 7. Be3 Nb4
8. Na3 Bf5 9. Rd1 a6 10. Nf3 b5 11. Nh4 Bc2 12. Bd5 O-O-O 13. Rd2 Nd3+ 14. Ke2
Rxd5 15. Nxc2 Nxb2 16. Rb1 Nc4 17. Rd3 Nf6 18. Nb4 Bxb4 19. Rxb4 Ne4 20. Nf3 a5
21. Rb1 b4 22. Ke1 Rhd8 23. Rc1 Nc3 24. Rc2 Na3 25. Rb2 c5 26. h3 Nab5 27. Rc2
f6 28. Kf1 Kb7 29. Rb2 c4 30. Rdd2 Na4 31. Rb1 c3 32. Rd3 Nb2 33. Ke2 Na3 34.
Rc1 Nac4 35. Rdd1 Nxd1 36. Kxd1 Ka6 37. Kc2 Kb5 38. Ne1 Rxd4 39. Bxd4 Rxd4 40.
Kb1 Na3+ 41. Ka1 Rd2 42. f3 a4 43. f4 b3 44. axb3 axb3 45. Rxc3 Ra2#  0-1

[Event "1.Bundesliga Frauen 2019/20"]
[Site "Linz, Volkshaus Bindermichl"]
[Date "2019.10.11"]
[Round "1"]
[Board "1"]
[White "Richterova, Natasa"]
[Black "Novkovic, Julia"]
[Result "1/2-1/2"]
[WhiteElo "2216"]
[BlackElo "2170"]
[PlyCount "75"]
[EventDate "2019.10.11"]
[EventType "team"]
[EventRounds "9"]
[EventCountry "AUT"]
[WhiteTeam "SpG Steyr"]
[BlackTeam "SK Dornbirn"]

1. e4 {[%emt 0:00:00]} e5 {[%emt 0:00:00]} 2. Nf3 Nc6 3. Bc4 Nf6 4. d3 Be7 5.
O-O d6 6. Re1 Na5 7. Nbd2 O-O 8. c3 Nxc4 9. Nxc4 c5 10. a4 b6 11. Ne3 g6 12. h3
Bb7 13. Nf1 Re8 14. Bg5 Nh5 15. Bh6 Bf8 16. Bxf8 Rxf8 17. Ne3 Nf4 18. Kh2 Kh8
19. g3 Ne6 20. Qb3 Qf6 21. Kg2 Ng5 22. Nxg5 Qxg5 23. h4 Qe7 24. f3 f5 25. h5 f4
26. hxg6 Qg5 27. Ng4 fxg3 28. Rh1 Qxg6 29. Rh3 Bc8 30. Rah1 Bxg4 31. Rxh7+ Qxh7
32. Rxh7+ Kxh7 33. fxg4 Rf4 34. Qe6 Rg8 35. Qe7+ Rg7 36. Qh4+ Kg8 37. Qd8+ Kh7
38. Qh4+  1/2-1/2

[Event "1.Bundesliga Frauen 2019/20"]
[Site "Linz, Volkshaus Bindermichl"]
[Date "2019.10.11"]
[Round "1"]
[Board "2"]
[White "Motycakova, Monika"]
[Black "Batyte, Daiva"]
[Result "1/2-1/2"]
[WhiteElo "2126"]
[BlackElo "2138"]
[PlyCount "125"]
[EventDate "2019.10.11"]
[EventType "team"]
[EventRounds "9"]
[EventCountry "AUT"]
[WhiteTeam "SK Dornbirn"]
[BlackTeam "SpG Steyr"]

1. e4 e6 2. d4 d5 3. Nd2 Nf6 4. e5 Nfd7 5. Bd3 c5 6. c3 Nc6 7. Ne2 cxd4 8. cxd4
Qb6 9. Nf3 Bb4+ 10. Bd2 Bxd2+ 11. Qxd2 Qb4 12. Rc1 f6 13. exf6 Qxd2+ 14. Kxd2
Nxf6 15. Rhe1 O-O 16. Nc3 Bd7 17. Re3 Rac8 18. Rce1 a6 19. Na4 Nb4 20. Nc5 Nxd3
21. Rxd3 Bb5 22. Rb3 b6 23. a4 bxc5 24. axb5 Ne4+ 25. Ke3 c4 26. Rb4 axb5 27.
Rxb5 c3 28. Rb6 cxb2 29. Rxb2 g5 30. h3 h5 31. Rf1 Rc3+ 32. Ke2 Rfc8 33. Ne5
Nd6 34. Rd1 Nf5 35. Rdd2 Nh4 36. g3 Nf5 37. Rb6 Ng7 38. Rd3 Rc1 39. g4 hxg4 40.
hxg4 Rf8 41. Rf3 Rc2+ 42. Kf1 Rcc8 43. Kg2 Rb8 44. Rxb8 Rxb8 45. Nd7 Rd8 46.
Nf6+ Kf7 47. Ne4+ Kg8 48. Nxg5 Re8 49. Re3 Kf8 50. f4 Re7 51. Ra3 Rb7 52. Re3
Rb6 53. Kg3 Ra6 54. Rb3 Ra7 55. Rb8+ Ke7 56. Rg8 Ne8 57. f5 exf5 58. gxf5 Ra4
59. Ne6 Ra1 60. Rh8 Nd6 61. Rh7+ Kf6 62. Rh6+ Ke7 63. Rh7+  1/2-1/2

[Event "1.Bundesliga Frauen 2019/20"]
[Site "Linz, Volkshaus Bindermichl"]
[Date "2019.10.11"]
[Round "1"]
[Board "3"]
[White "Saler-Grafenberger, Elisabeth"]
[Black "Kurapova, Olga"]
[Result "1-0"]
[WhiteElo "1855"]
[BlackElo "1935"]
[PlyCount "93"]
[EventDate "2019.10.11"]
[EventType "team"]
[EventRounds "9"]
[EventCountry "AUT"]
[WhiteTeam "SpG Steyr"]
[BlackTeam "SK Dornbirn"]

1. d4 Nf6 2. Nf3 g6 3. g3 d5 4. Bg2 Bg7 5. O-O O-O 6. c3 Bg4 7. Ne5 c6 8. Nxg4
Nxg4 9. e4 Nf6 10. e5 Ne8 11. Nd2 f5 12. Nf3 Nd7 13. Qb3 Nb6 14. a4 Qc8 15. a5
Nd7 16. Bg5 e6 17. Be7 Rf7 18. Ba3 h6 19. c4 Nc7 20. cxd5 Nxd5 21. Nh4 Kh7 22.
Rac1 Nf8 23. f4 g5 24. fxg5 hxg5 25. Bxd5 exd5 26. Nxf5 Ng6 27. Nd6 Rxf1+ 28.
Rxf1 Qg4 29. Qd3 b6 30. a6 c5 31. dxc5 Bxe5 32. Rf7+ Kh8 33. Qxg6 Bd4+ 34. Kg2
Qe2+ 35. Kh3 g4+ 36. Qxg4 Qxg4+ 37. Kxg4 bxc5 38. Rf5 Rg8+ 39. Kf3 Rg6 40. Rxd5
Kg8 41. h4 Re6 42. g4 Re3+ 43. Kf4 Rd3 44. Nf5 Rh3 45. Nxd4 cxd4 46. Rxd4 Rxh4
47. Rd7  1-0

[Event "1.Bundesliga Frauen 2019/20"]
[Site "Linz, Volkshaus Bindermichl"]
[Date "2019.10.11"]
[Round "1"]
[Board "4"]
[White "Stepanyan, Viktorya"]
[Black "Hackbarth, Christa"]
[Result "0-1"]
[WhiteElo "1296"]
[BlackElo "1798"]
[PlyCount "122"]
[EventDate "2019.10.11"]
[EventType "team"]
[EventRounds "9"]
[EventCountry "AUT"]
[WhiteTeam "SK Dornbirn"]
[BlackTeam "SpG Steyr"]

1. e4 c6 2. d4 d5 3. Nc3 dxe4 4. Nxe4 Bf5 5. Nc3 Nf6 6. Nf3 e6 7. Bc4 Bd6 8.
Bg5 Nbd7 9. O-O Qc7 10. g3 O-O 11. Ne2 Rfe8 12. Re1 h6 13. Bxf6 Nxf6 14. Nc3
Rad8 15. Qe2 a6 16. Rad1 Nd5 17. Ne5 Nxc3 18. bxc3 Bxe5 19. dxe5 Qa5 20. Rxd8
Rxd8 21. g4 Bh7 22. Rd1 Bg6 23. Rxd8+ Qxd8 24. Bd3 Bh7 25. Qd2 Bg6 26. Kf1 Qd5
27. Qe3 Qh1+ 28. Ke2 Qxh2 29. Bxg6 fxg6 30. Qb6 Qxe5+ 31. Kd3 Qd5+ 32. Ke3 c5
33. Qb3 b5 34. a4 Qe5+ 35. Kd2 Qd5+ 36. Ke3 Qxb3 37. cxb3 Kf7 38. axb5 axb5 39.
Ke4 Kf6 40. Kf4 e5+ 41. Kg3 h5 42. Kh4 e4 43. gxh5 gxh5 44. Kxh5 Kf5 45. Kh4
Kf4 46. f3 Kxf3 47. Kg5 e3 48. Kg6 e2 49. Kxg7 e1=Q 50. c4 Qc3+ 51. Kf7 bxc4
52. bxc4 Qxc4+ 53. Kg6 Qe4+ 54. Kg5 c4 55. Kf6 c3 56. Kg5 c2 57. Kf6 c1=Q 58.
Kf7 Qcf4+ 59. Kg7 Qe7+ 60. Kg6 Qeg5+ 61. Kh7 Qfh4#  0-1

[Event "1.Bundesliga Frauen 2019/20"]
[Site "Linz, Volkshaus Bindermichl"]
[Date "2019.10.11"]
[Round "1"]
[Board "1"]
[White "Ragger, Anna-Christina"]
[Black "Frey, Alisa"]
[Result "1-0"]
[WhiteElo "2203"]
[BlackElo "2087"]
[PlyCount "57"]
[EventDate "2019.10.11"]
[EventType "team"]
[EventRounds "9"]
[EventCountry "AUT"]
[WhiteTeam "SV Grafik-Druck Knapp St.Veit/Glan"]
[BlackTeam "SK DolomitenBank Lienz"]

1. d4 Nf6 2. Bf4 g6 3. Nc3 d5 4. e3 Bg7 5. h4 c6 6. Be2 Qa5 7. Qd2 b5 8. a3 Na6
9. f3 h5 10. Nh3 Bf5 11. Nxb5 Qb6 12. Nc3 Qxb2 13. Rb1 Qxa3 14. O-O Nb4 15. Rb3
Qa5 16. Nb1 c5 17. dxc5 Nc6 18. Bb5 O-O 19. Bxc6 Qxd2 20. Nxd2 Rac8 21. Bb5
Rxc5 22. Bd3 a5 23. e4 dxe4 24. fxe4 Be6 25. Ra3 Ra8 26. Be3 Rc6 27. Bd4 a4 28.
Nf4 Bd7 29. e5  1-0

[Event "1.Bundesliga Frauen 2019/20"]
[Site "Linz, Volkshaus Bindermichl"]
[Date "2019.10.11"]
[Round "1"]
[Board "2"]
[White "Zechner, Andrea"]
[Black "Kejzar, Petra"]
[Result "0-1"]
[WhiteElo "1862"]
[BlackElo "2057"]
[PlyCount "80"]
[EventDate "2019.10.11"]
[EventType "team"]
[EventRounds "9"]
[EventCountry "AUT"]
[WhiteTeam "SK DolomitenBank Lienz"]
[BlackTeam "SV Grafik-Druck Knapp St.Veit/Glan"]

1. d4 Nf6 2. c4 e6 3. Nc3 Bb4 4. e3 O-O 5. Nge2 d5 6. a3 Be7 7. cxd5 exd5 8. b4
Bf5 9. Ng3 Bg6 10. Bd3 Bxd3 11. Qxd3 Nbd7 12. O-O Nb6 13. f3 a5 14. b5 a4 15.
e4 dxe4 16. fxe4 Ng4 17. Nce2 Ne5 18. Qc2 Nec4 19. Nf5 Bf6 20. e5 Bg5 21. Qd3
Bxc1 22. Nxc1 Qg5 23. Ra2 g6 24. h4 Qd8 25. Nh6+ Kg7 26. Ng4 Qxh4 27. Nf6 Rad8
28. Ne2 Nxe5 29. Qe3 Ned7 30. Rf4 Qe1+ 31. Rf1 Qh4 32. Rf4 Qe1+ 33. Rf1 Qa5 34.
Ng4 Qxb5 35. Qh6+ Kg8 36. Ng3 f5 37. Ne3 f4 38. Rxf4 Qb1+ 39. Kh2 Rxf4 40. Nef5
Rxf5  0-1

[Event "1.Bundesliga Frauen 2019/20"]
[Site "Linz, Volkshaus Bindermichl"]
[Date "2019.10.11"]
[Round "1"]
[Board "3"]
[White "Tarmastin, Laura"]
[Black "Wilfling, Sandra"]
[Result "1-0"]
[WhiteElo "1903"]
[BlackElo "1827"]
[PlyCount "67"]
[EventDate "2019.10.11"]
[EventType "team"]
[EventRounds "9"]
[EventCountry "AUT"]
[WhiteTeam "SV Grafik-Druck Knapp St.Veit/Glan"]
[BlackTeam "SK DolomitenBank Lienz"]

1. e4 d5 2. exd5 Qxd5 3. Nc3 Qa5 4. d4 c6 5. Nf3 Nf6 6. Bc4 Bg4 7. O-O e6 8.
Bd2 Qc7 9. Re1 Be7 10. h3 Bxf3 11. Qxf3 O-O 12. Ne4 Nd5 13. Rad1 Nd7 14. c3
N7b6 15. Bd3 c5 16. dxc5 Bxc5 17. Nxc5 Qxc5 18. Re4 Nf6 19. Rh4 Rad8 20. c4 Rd7
21. Bc3 Qg5 22. Bxf6 Qxf6 23. Bxh7+ Kh8 24. Qxf6 Rxd1+ 25. Kh2 gxf6 26. Bc2+
Kg7 27. Bxd1 Rd8 28. c5 Nd7 29. Rd4 Kf8 30. b4 Ke7 31. Bf3 Ne5 32. Rxd8 Nxf3+
33. gxf3 Kxd8 34. h4  1-0

[Event "1.Bundesliga Frauen 2019/20"]
[Site "Linz, Volkshaus Bindermichl"]
[Date "2019.10.11"]
[Round "1"]
[Board "4"]
[White "Mattersberger, Melanie"]
[Black "Stangl, Helga"]
[Result "1-0"]
[WhiteElo "1752"]
[BlackElo "1602"]
[PlyCount "68"]
[EventDate "2019.10.11"]
[EventType "team"]
[EventRounds "9"]
[EventCountry "AUT"]
[WhiteTeam "SK DolomitenBank Lienz"]
[BlackTeam "SV Grafik-Druck Knapp St.Veit/Glan"]

1. e4 c5 2. Nf3 g6 3. c3 Bg7 4. d4 cxd4 5. cxd4 Nf6 6. Nc3 O-O 7. Bc4 d6 8. h3
Bd7 9. O-O a6 10. Re1 b5 11. Bb3 e6 12. a3 Bc6 13. Bg5 Qc7 14. Rc1 Qb7 15. d5
exd5 16. Nxd5 Nxd5 17. exd5 Bd7 18. Qd2 a5 19. Be7 Re8 20. Bxd6 Rxe1+ 21. Rxe1
a4 22. Ba2 Qb6 23. Be7 Na6 24. d6 Nc5 25. Ne5 Be6 26. Bb1 Ra7 27. Qe3 Nd7 28.
Qxb6 Nxb6 29. f4 Bf8 30. Nc6 Rd7 31. Be4 f5 32. Bf3 Kf7 33. Ne5+ Ke8 34. Bxf8
Kxf8  1-0

[Event "1.Bundesliga Frauen 2019/20"]
[Site "Linz, Volkshaus Bindermichl"]
[Date "2019.10.11"]
[Round "1"]
[Board "1"]
[White "Unuk, Laura"]
[Black "Rozman, Monika"]
[Result "1/2-1/2"]
[WhiteElo "2379"]
[BlackElo "2136"]
[PlyCount "65"]
[EventDate "2019.10.11"]
[EventType "team"]
[EventRounds "9"]
[EventCountry "AUT"]
[WhiteTeam "SK Advisory Invest Baden"]
[BlackTeam "SV Kaerntner Stub'n Rapid Feffernitz"]

1. d4 d5 2. c4 c6 3. cxd5 cxd5 4. Bg5 Nc6 5. Nc3 Qb6 6. Qd2 e6 7. Nf3 Bd7 8. e3
Bd6 9. Bd3 Nge7 10. O-O O-O 11. Bh4 f6 12. Rac1 Rac8 13. Bb1 Be8 14. Na4 Qd8
15. Nc5 Bxc5 16. Rxc5 Bg6 17. Bxg6 hxg6 18. Rfc1 Nf5 19. Bg3 Qd7 20. Ne1 Nxg3
21. hxg3 Ne7 22. Nd3 Nf5 23. Qb4 b6 24. Rxc8 Rxc8 25. Rxc8+ Qxc8 26. g4 Nh6 27.
f3 Nf7 28. Nf4 g5 29. Ng6 Kh7 30. Nf8+ Kg8 31. Ng6 Kh7 32. Nf8+ Kg8 33. Ng6
 1/2-1/2

[Event "1.Bundesliga Frauen 2019/20"]
[Site "Linz, Volkshaus Bindermichl"]
[Date "2019.10.11"]
[Round "1"]
[Board "2"]
[White "Hercog, Nusa"]
[Black "Trippold, Denise"]
[Result "1/2-1/2"]
[WhiteElo "2042"]
[BlackElo "2158"]
[PlyCount "100"]
[EventDate "2019.10.11"]
[EventType "team"]
[EventRounds "9"]
[EventCountry "AUT"]
[WhiteTeam "SV Kaerntner Stub'n Rapid Feffernitz"]
[BlackTeam "SK Advisory Invest Baden"]

1. d4 Nf6 2. c4 e6 3. Nf3 b6 4. a3 c5 5. d5 Ba6 6. Qc2 exd5 7. cxd5 g6 8. Nc3
Bg7 9. Bf4 d6 10. h4 O-O 11. h5 Re8 12. hxg6 hxg6 13. O-O-O b5 14. e3 b4 15.
Nb5 Bxb5 16. Bxb5 bxa3 17. bxa3 Re7 18. Ng5 Qa5 19. a4 Qb4 20. Rd3 a6 21. Bxd6
axb5 22. Bxc5 Qxa4 23. Bxe7 Qa1+ 24. Qb1 Qe5 25. Ra3 Rxa3 26. Bxa3 Qc3+ 27. Qc2
Qxa3+ 28. Kd2 Qb4+ 29. Ke2 Qg4+ 30. Nf3 Nbd7 31. Rh4 Qxg2 32. Rh2 Qg4 33. Rh4
Qf5 34. Qxf5 gxf5 35. Nd4 b4 36. Nxf5 Bf8 37. d6 Nd5 38. Rd4 Nc3+ 39. Kd2 Kh7
40. Rxb4 Nd5 41. Rd4 N5f6 42. Ne7 Nc5 43. Rh4+ Kg7 44. f3 Nb7 45. Rd4 Nxd6 46.
Rxd6 Bxe7 47. Ra6 Nd5 48. e4 Bg5+ 49. Ke2 Nf4+ 50. Kf2 Bh4+  1/2-1/2

[Event "1.Bundesliga Frauen 2019/20"]
[Site "Linz, Volkshaus Bindermichl"]
[Date "2019.10.11"]
[Round "1"]
[Board "3"]
[White "Vidic, Teja"]
[Black "Tscharnuter, Alexandra"]
[Result "1-0"]
[WhiteElo "2242"]
[BlackElo "1759"]
[PlyCount "49"]
[EventDate "2019.10.11"]
[EventType "team"]
[EventRounds "9"]
[EventCountry "AUT"]
[WhiteTeam "SK Advisory Invest Baden"]
[BlackTeam "SV Kaerntner Stub'n Rapid Feffernitz"]

1. Nf3 Nf6 2. c4 e6 3. b3 b6 4. g3 Bb7 5. Bg2 Be7 6. O-O O-O 7. Nc3 c5 8. d4
cxd4 9. Qxd4 d5 10. Bb2 dxc4 11. Qxc4 Nbd7 12. Rfd1 Qc8 13. Qf4 Nd5 14. Nxd5
Bxd5 15. Rac1 Qb8 16. e4 Bd6 17. Qd2 Bxe4 18. Qxd6 Nc5 19. Qd4 f6 20. b4 Na4
21. Qxe4 Nxb2 22. Rd2 Na4 23. Qxe6+ Kh8 24. Nd4 Re8 25. Qb3  1-0

[Event "1.Bundesliga Frauen 2019/20"]
[Site "Linz, Volkshaus Bindermichl"]
[Date "2019.10.11"]
[Round "1"]
[Board "4"]
[White "Zeber, Katja"]
[Black "Mar, Karmen"]
[Result "0-1"]
[WhiteElo "1618"]
[BlackElo "2084"]
[PlyCount "80"]
[EventDate "2019.10.11"]
[EventType "team"]
[EventRounds "9"]
[EventCountry "AUT"]
[WhiteTeam "SV Kaerntner Stub'n Rapid Feffernitz"]
[BlackTeam "SK Advisory Invest Baden"]

1. e4 c5 2. Nc3 Nc6 3. f4 e6 4. Nf3 a6 5. Be2 g6 6. O-O Bg7 7. Qe1 Nge7 8. d3
Nd4 9. Nxd4 cxd4 10. Nd1 O-O 11. c3 Nc6 12. f5 d5 13. Bg4 Ne5 14. Qg3 Nxg4 15.
Qxg4 exf5 16. exf5 Bxf5 17. Qg3 Re8 18. Bd2 Re2 19. Rf2 Qe7 20. Rxe2 Qxe2 21.
Qe1 Bxd3 22. Nf2 Qxe1+ 23. Rxe1 Bb5 24. Re7 Re8 25. Rxe8+ Bxe8 26. Nd3 dxc3 27.
Bxc3 Bxc3 28. bxc3 Kg7 29. Kf2 Kf6 30. Ke3 Bc6 31. Kd4 Ke6 32. Kc5 g5 33. Nb4
f5 34. Nxc6 bxc6 35. a4 f4 36. h3 h5 37. a5 g4 38. hxg4 hxg4 39. Kd4 Kd6 40.
Kd3 Kc5  0-1

[Event "1.Bundesliga Frauen 2019/20"]
[Site "Linz, Volkshaus Bindermichl"]
[Date "2019.10.11"]
[Round "1"]
[Board "1"]
[White "Theissl-Pokorna, Regina"]
[Black "Brunello, Marina"]
[Result "1-0"]
[WhiteElo "2296"]
[BlackElo "2368"]
[PlyCount "99"]
[EventDate "2019.10.11"]
[EventType "team"]
[EventRounds "9"]
[EventCountry "AUT"]
[WhiteTeam "ASVOE Pamhagen 1"]
[BlackTeam "Schach ohne Grenzen"]

1. d4 d5 2. Bf4 Nf6 3. e3 Bg4 4. Nf3 e6 5. Nbd2 Be7 6. h3 Bxf3 7. Qxf3 Nbd7 8.
e4 dxe4 9. Nxe4 Nxe4 10. Qxe4 c6 11. Be2 Nf6 12. Qd3 Nd5 13. Bd2 Nb4 14. Bxb4
Bxb4+ 15. c3 Bd6 16. Bf3 h5 17. O-O-O Qa5 18. Kb1 O-O-O 19. Rhe1 Kb8 20. c4 g6
21. Qb3 Qb6 22. Qc2 Qc7 23. Qa4 Be7 24. Re3 Bf6 25. Ra3 a6 26. Rb3 Ka7 27. c5
Rd7 28. Rb6 Qc8 29. Rd3 Rhd8 30. Bxc6 Rxd4 31. Rxd4 Rxd4 32. Bxb7 Rxa4 33. Bxc8
Bd4 34. Rb7+ Ka8 35. c6 Rc4 36. Rxf7 Kb8 37. Bxa6 Rxc6 38. Rb7+ Ka8 39. Rd7
Rxa6 40. Rxd4 e5 41. Rd5 e4 42. b4 Rf6 43. Rd2 h4 44. Re2 Rf4 45. g3 hxg3 46.
fxg3 Rf3 47. Rxe4 Rxg3 48. Rg4 Rxh3 49. Rxg6 Rh2 50. Rc6  1-0

[Event "1.Bundesliga Frauen 2019/20"]
[Site "Linz, Volkshaus Bindermichl"]
[Date "2019.10.11"]
[Round "1"]
[Board "2"]
[White "Gueci, Tea"]
[Black "Worek, Joanna"]
[Result "1/2-1/2"]
[WhiteElo "2228"]
[BlackElo "2326"]
[PlyCount "60"]
[EventDate "2019.10.11"]
[EventType "team"]
[EventRounds "9"]
[EventCountry "AUT"]
[WhiteTeam "Schach ohne Grenzen"]
[BlackTeam "ASVOE Pamhagen 1"]

1. e4 c5 2. Nf3 Nc6 3. Bb5 g6 4. O-O Bg7 5. c3 Qb6 6. a4 e6 7. Re1 Nge7 8. Na3
O-O 9. Nc4 Qc7 10. e5 b6 11. d4 cxd4 12. cxd4 a6 13. Bxc6 dxc6 14. a5 bxa5 15.
Bd2 Nd5 16. Bxa5 Qa7 17. Nd6 c5 18. Rc1 cxd4 19. Nxd4 Bd7 20. Qd2 Qb8 21. Nc6
Bxc6 22. Rxc6 Qb3 23. Bc3 Rfb8 24. Bd4 Qb4 25. Rd1 a5 26. g3 a4 27. Ne4 Qxd2
28. Rxd2 a3 29. bxa3 Rxa3 30. Rdc2 Raa8  1/2-1/2

[Event "1.Bundesliga Frauen 2019/20"]
[Site "Linz, Volkshaus Bindermichl"]
[Date "2019.10.11"]
[Round "1"]
[Board "3"]
[White "Boric, Elena"]
[Black "Wunderl, Eva"]
[Result "1-0"]
[WhiteElo "2179"]
[BlackElo "1898"]
[PlyCount "161"]
[EventDate "2019.10.11"]
[EventType "team"]
[EventRounds "9"]
[EventCountry "AUT"]
[WhiteTeam "ASVOE Pamhagen 1"]
[BlackTeam "Schach ohne Grenzen"]

1. Nf3 Nf6 2. d4 d5 3. Bf4 e6 4. e3 Be7 5. h3 b6 6. c3 Bb7 7. Bd3 Nbd7 8. O-O
O-O 9. Nbd2 c5 10. Qc2 Rc8 11. Rfe1 h6 12. Rad1 c4 13. Be2 Ne4 14. Nxe4 dxe4
15. Nd2 Nf6 16. Bxc4 a6 17. Bf1 Qd7 18. Be5 Qc6 19. a3 Nd7 20. Bg3 Rfd8 21. Nc4
Qd5 22. Qe2 b5 23. Ne5 Nxe5 24. Bxe5 Qb3 25. Rc1 Bd5 26. Qc2 Rc6 27. Qxb3 Bxb3
28. Bg3 Rdc8 29. Ra1 Kh8 30. f3 Bd5 31. fxe4 Bxe4 32. Be2 Bd5 33. Bd3 f5 34. e4
fxe4 35. Bxe4 Bf6 36. Bxd5 exd5 37. Be5 Bg5 38. Re2 Kg8 39. g3 Rf8 40. h4 Bd8
41. a4 Rg6 42. axb5 axb5 43. Kh2 Bb6 44. Ra6 Re6 45. Kg2 Rfe8 46. Rc2 Bd8 47.
Rxe6 Rxe6 48. Rf2 Be7 49. Kf1 Rc6 50. Ke2 Rc4 51. Kd3 Ra4 52. Re2 Kf7 53. Kc2
g6 54. Kb3 Rc4 55. Re1 Ra4 56. Bf4 g5 57. hxg5 hxg5 58. Bd2 Bf6 59. g4 Rc4 60.
Ra1 b4 61. Ra7+ Ke6 62. Ra6+ Ke7 63. cxb4 Bxd4 64. Bxg5+ Kd7 65. Bd2 Be5 66. g5
Rg4 67. Ra5 Kc6 68. g6 Rg3+ 69. Bc3 Bg7 70. Ka4 d4 71. Be1 Rg1 72. Ra6+ Kb7 73.
Re6 Bf8 74. b5 d3 75. Bc3 Rg5 76. Kb3 Rg2 77. g7 Bxg7 78. Re7+ Kb6 79. Rxg7 Re2
80. Rd7 Kxb5 81. Rxd3  1-0

[Event "1.Bundesliga Frauen 2019/20"]
[Site "Linz, Volkshaus Bindermichl"]
[Date "2019.10.11"]
[Round "1"]
[Board "4"]
[White "Kimpel, Janine"]
[Black "Kosc, Renata"]
[Result "0-1"]
[WhiteElo "1843"]
[BlackElo "1988"]
[PlyCount "88"]
[EventDate "2019.10.11"]
[EventType "team"]
[EventRounds "9"]
[EventCountry "AUT"]
[WhiteTeam "Schach ohne Grenzen"]
[BlackTeam "ASVOE Pamhagen 1"]

1. e4 c5 2. Nc3 Nc6 3. g3 g6 4. Bg2 Bg7 5. d3 d6 6. f4 e6 7. Nf3 Nge7 8. Be3
Nd4 9. Qd2 Rb8 10. O-O O-O 11. Nd1 b5 12. c3 Nxf3+ 13. Bxf3 Bb7 14. Bg2 Rc8 15.
Qf2 Qd7 16. Rc1 a5 17. g4 f5 18. gxf5 exf5 19. Bd2 c4 20. exf5 Nxf5 21. d4 Bxg2
22. Qxg2 d5 23. Nf2 Nh4 24. Qg3 Nf5 25. Qg2 Nh4 26. Qg3 Nf5 27. Qg2 Qb7 28. Ng4
Nd6 29. Ne5 Ne4 30. Be3 Rf5 31. Kh1 Kh8 32. Rf3 Rh5 33. Rh3 Rxh3 34. Qxh3 Bxe5
35. dxe5 d4 36. Kg1 dxe3 37. Qxe3 Nc5 38. Rf1 Qe4 39. Qh3 Rf8 40. Qh4 Qf5 41.
Qe7 Ne6 42. Rf3 Nxf4 43. Kf1 Rf7 44. Qe8+ Kg7  0-1

[Event "1.Bundesliga Frauen 2019/20"]
[Site "Linz, Volkshaus Bindermichl"]
[Date "2019.10.12"]
[Round "2"]
[Board "1"]
[White "Exler, Veronika"]
[Black "Brunello, Marina"]
[Result "0-1"]
[WhiteElo "2153"]
[BlackElo "2368"]
[PlyCount "76"]
[EventDate "2019.10.11"]
[EventType "team"]
[EventRounds "9"]
[EventCountry "AUT"]
[WhiteTeam "ASVOE Wulkaprodersdorf"]
[BlackTeam "Schach ohne Grenzen"]

1. e4 c5 2. c3 Nf6 3. e5 Nd5 4. d4 cxd4 5. Nf3 e6 6. cxd4 d6 7. Bc4 Be7 8. O-O
O-O 9. Qe2 Bd7 10. Qe4 Bc6 11. Qg4 Re8 12. Nc3 Nxc3 13. bxc3 Bxf3 14. Qxf3 Qc7
15. Bb5 Rd8 16. Bf4 d5 17. Bd2 Nc6 18. Qh3 Na5 19. Bd3 g6 20. f4 Nc4 21. Be1
Rdc8 22. Rb1 Rab8 23. g4 Qd7 24. Rf3 b5 25. Qh6 Bf8 26. Qh3 Be7 27. Qh6 Bf8 28.
Qh3 a5 29. f5 b4 30. Qh4 Qe7 31. f6 Qa7 32. Rh3 h6 33. Qf2 Nxe5 34. Bd2 Nxg4
35. Qf4 bxc3 36. Bxc3 Rxb1+ 37. Bxb1 Qb8 38. Qf1 Rxc3  0-1